Ulice w Gdańsku zaczynające się na F - Statistics

General Stats
  • This quiz has been taken 10 times
  • The average score is 7 of 27
Answer Stats
Answer % Correct
Fiołkowa
100%
Filaretów
67%
Filmowa
67%
Filomatów
67%
Flisacka
67%
Fromborska
67%
Fabryczna
33%
Falista
33%
Falowa
33%
Fieldorfa
33%
Figowa
33%
Floriańska
33%
Flory
33%
Focha
33%
Fahrenheita
0%
Falck Polonusa
0%
Feniksa
0%
Filarskiego
0%
Fiszera
0%
Fitelberga
0%
Flisykowskiego
0%
Forsycji
0%
Fredry
0%
Frezjowa
0%
Fultona
0%
Fundacyjna
0%
Fundamentowa
0%
No matching quizzes found
Score Distribution
Percent of People with Each Score
Percentile by Number Answered
Your Score History
You have not taken this quiz